| 000 | 00353nam a22001577a 4500 | ||
|---|---|---|---|
| 005 | 20250903145342.0 | ||
| 020 | _a9788171641321 | ||
| 082 |
_a631.86 _bGAU |
||
| 100 | _aGaur A C and others | ||
| 245 | _aOrganic Manures | ||
| 260 |
_aNew Delhi _bICAR _c2021 |
||
| 300 | _a159p; | ||
| 700 | _aNeelakantan S | ||
| 700 | _aDargan K S | ||
| 942 | _cBK | ||
| 999 |
_c373940 _d373940 |
||